000 01722nam0a2200325 4500
001 RU\NLR\bibl\358691
005 20260406142823.0
010 _a5-7596-0309-4
_9100
035 _a(NLR Aleph) 000353321
090 _a289754
_c289754
100 _a20030123d2001 |||y0rusy50 ca
101 0 _arus
102 _aRU
105 _aa |||||||||
200 1 _aИсследования по вопросам повышения эффективности судостроения и судоремонта
_eПосвящается 80-летию д.т.н., проф. Титаева Бориса Феодосьевича
_fДальневост. гос. техн. ун-т и др.
_g[Редкол.: В.И. Быков и др.]
210 _aВладивосток
_cСоюз науч. и инженер. о-в
_cНТО
_cДальневост. гос. техн. ун-т
_d2001
215 _a199, [1] с.
_cил.
_d21
309 _aНа тит.л.: Вып. 42
320 _aБиблиогр. в конце ст.
600 1 _aТитаев
_bБ. Ф.
_f1921-2000
_gБорис Феодосьевич
_2psbo
606 0 _aСудостроение
_jСборники
_91226081
_3RU\NLR\auth\66181285
606 0 _aСуда
_jСборники
_xРемонт
_91226083
_3RU\NLR\auth\66181286
686 _aО42я43
702 1 _4340
_7ca
_8rus
_aБыков
_bВ. И.
_cспециалист по судостроению
_947660
_3RU\NLR\AUTH\7764731
712 0 2 _4570
_aДальневосточный государственный технический университет
_cВладивосток
_9340129
_3RU\NLR\AUTH\889922050
801 0 _aRU
_bNLR
_c20030123
_gPSBO
801 1 _aRU
_bNLR
_c20030123
942 _cBOOK
980 _aNB